000 00344nam a2200133Ia 4500
008 240624s9999 xx 000 0 und d
041 _aeng
082 _a306.446 PAR
100 _aPAREKH BHIKHU
245 _aRETHINKING MULTICULTURALISM CULTURAL DIV
260 _c2000
_aNew York
_bPalgrave
300 _axii, : 379 : p. : cm. ; 23
365 _cRS
999 _c8417
_d8417